Tombland / (Record no. 3490)

MARC details
000 -LEADER
fixed length control field 00880cam a2200205 i 4500
008 - FIXED-LENGTH DATA ELEMENTS--GENERAL INFORMATION
fixed length control field 181024t20192018nyuab b 000 f eng c
020 ## - INTERNATIONAL STANDARD BOOK NUMBER
ISBN 9780316412421
020 ## - INTERNATIONAL STANDARD BOOK NUMBER
ISBN 0316412422
100 1# - MAIN ENTRY--AUTHOR
Author Sansom, C. J.,
245 10 - TITLE STATEMENT
Title Tombland /
Statement of responsibility, etc C.J. Sansom.
260 ## - PUBLICATION, DISTRIBUTION, ETC. (IMPRINT)
Place of publication London
Name of publisher Mantle
Date of publication 2019
300 ## - COLLATION
Pagination 865p.
Other physical details illustration, maps ;
500 ## - GENERAL NOTE
General note "Originally published in the United Kingdom by Mantle, a division of Pan Macmillan, in October 2018."--Title page verso.
520 ## - SUMMARY, ETC.
Summary, etc When a distant relative of Princess Elizabeth is found dead, Matthew Shardlake is sent to investigate the murder, which may have connections reaching to a peasant rebellion sweeping the country.
650 #0 - TRACINGS
Main Subject Shardlake, Matthew (Fictitious character)
Subdivision (1st) Fiction.
650 #0 - TRACINGS
Main Subject Lawyers
Subdivision (2nd) History
Subdivision (1st) Fiction.
650 #0 - TRACINGS
Main Subject Murder
Subdivision (2nd) Investigation
Subdivision (1st) Fiction.
942 ## - ADDED ENTRY ELEMENTS (KOHA)
Item type Books
050 00 - LIBRARY OF CONGRESS CALL NUMBER
Classification number PR6119.A57
Item number .T66 2019
Holdings
Source of classification or shelving scheme Not for loan Permanent location Current location Date acquired Accession No. Full call number Barcode. Koha item type
Library of Congress Classification   Samuel Ogbemudia Main Library, University of Abuja Samuel Ogbemudia Main Library, University of Abuja 05/14/2025 2024/63647 PR6119.A57.T66 2025-1960 Books